Match these lyrics to iconic Taylor Swift songs - Statistics

General Stats
  • This quiz has been taken 1,384 times
  • The average score is 12 of 14
Answer Stats
Lyrics Song % Correct
We'll take this way too farIt'll leave you breathless, hmm Or with a nasty scar Blank space
96%
It's like I got this music in my mindSayin' it's gonna be alright Shake it off
94%
You got that James Dean daydream look in your eyeAnd I got that red lip classic thing that you like Style
94%
If you could see that I'm the oneWho understands you Been here all along So, why can't you see? You belong with me
91%
Now we got problemsAnd I don't think we can solve 'em You made a really deep cut Bad Blood
90%
Our song is the slamming screen doorSneakin' out late, tapping on your window Our song
90%
He's so tall and handsome as hellHe's so bad but he does it so well Wildest dreams
89%
Lord, save me, my drug is my babyI'll be usin' for the rest of my life Don’t blame me
88%
I'd be a fearless leaderI'd be an alpha type The Man
86%
See the lights, see the party, the ball gownsSee you make your way through the crowd And say, "Hello" Love story
85%
I don't like your perfect crimeHow you laugh when you lie You said the gun was mine Look what you made me do
83%
He was long goneWhen he met me And I realize The joke is on me, hey I knew you were trouble
78%
The rest of the world was black and whiteBut we were in screaming color Out of the woods
73%
Sunshine on the street at the paradeBut you would rather be in the dark ages Making that sign, must've taken all night You need to calm down
69%
No matching quizzes found
Score Distribution
Percent of People with Each Score
Percentile by Number Answered
Your Score History
You have not taken this quiz